| 000 | 00979nam a22002775a 4500 | ||
|---|---|---|---|
| 005 | 20150819144739.0 | ||
| 008 | 120205s2002 enka|||frb||| 001 0 eng | ||
| 010 | _a 2002006934 | ||
| 020 | _a1844070751 | ||
| 020 | _a9781844070756 | ||
| 040 |
_aEG-ScBUE _beng _cEG-ScBUE |
||
| 082 | 0 | 4 |
_a333.794 _bSCH _222 |
| 100 | 1 |
_aScheer, Hermann. _928616 |
|
| 245 | 1 | 4 |
_aThe solar economy : _brenewable energy for a sustainable global future / _cHermann Scheer. |
| 260 |
_aLondon ; _bEarthscan, _c2002. |
||
| 300 |
_axx, 347 p. : _bill ; _c23 cm. |
||
| 500 | _aIndex : p. 341-347. | ||
| 504 | _aBibliography : p. 326-340. | ||
| 546 | _aText translated from the German by Andrew Ketley. | ||
| 650 | 0 |
_aRenewable energy sources. _928617 _2BUEsh |
|
| 650 | 0 |
_aSustainable development. _928618 _2BUEsh |
|
| 651 | _2BUEsh | ||
| 653 |
_bENGCHE _cAugust2015 |
||
| 856 | 4 | 1 |
_3Table of contents _uhttp://www.loc.gov/catdir/toc/fy034/2002006934.html |
| 942 |
_cBB _k333.794 SCH _2ddc |
||
| 999 |
_c2214 _d2214 |
||